Basic chemistry / (Record no. 170539)

MARC details
000 -LEADER
fixed length control field 00722nam a2200217 4500
005 - DATE AND TIME OF LATEST TRANSACTION
control field 20191217144538.0
010 ## - LCCN (DPL NO)
LC control number ENG-127170
020 ## - INTERNATIONAL STANDARD BOOK NUMBER
International Standard Book Number 9789353438753
Terms of availability 879.00
035 ## - SYSTEM CONTROL NUMBER
System control number EN-110702
037 ## - SOURCE OF ACQUISITION
Source of stock number/acquisition DBAD/PUB
082 ## - DEWEY DECIMAL CLASSIFICATION NUMBER
Classification number 540
100 ## - MAIN ENTRY--PERSONAL NAME
Personal name Timberlake, Karen
245 ## - TITLE STATEMENT
Title Basic chemistry /
Statement of responsibility, etc by Karen Timberlake [and] William Timberlake
250 ## - EDITION STATEMENT
Edition statement 5th ed.
260 ## - PUBLICATION, DISTRIBUTION, ETC. (IMPRINT)
Place of publication, distribution, etc Noida
Name of publisher, distributor, etc Pearson India Education
Date of publication, distribution, etc 2020
270 ## - ADDRESS
Address 15th Floor, Tower-B, World Trade Tower, Plot No. 1 Block- C, Sector-16
City Noida, Uttar Pradesh
Postal code 201301
Electronic mail address companysecretary.india@pearson.com
300 ## - PHYSICAL DESCRIPTION
Extent 719p.
Dimensions 25cm(pbk)
500 ## - GENERAL NOTE
General note Includes index
700 ## - ADDED ENTRY--PERSONAL NAME
Personal name Timberlake, William
942 ## - ADDED ENTRY ELEMENTS (KOHA)
Source of classification or shelving scheme Dewey Decimal Classification
Item type English Books
Classification part 540
Call number suffix TIM
Holdings
Withdrawn status Lost status Not for loan Collection code Home library Current library Date acquired Source of acquisition Cost, normal purchase price Full call number Barcode Copy number Cost, replacement price Koha item type
      Non-fiction Ashok Vihar Ashok Vihar 17/12/2019 DBAD/PUB 879.00 540 TIM EN-110702 1 879.00 English Books

© Delhi Public Library
Hit Counter
free hit counter